000 00354nam a2200133Ia 4500
008 240624s9999 xx 000 0 und d
041 _aeng
082 _a808.06 HEN
100 _aHENNESSY BRENDAN
245 _aESSAY WRITING MADE EASY MAKE IT GOOD MAK
260 _c2008
_aMumbai
_bJaico Publishing House
300 _a93 : p. : cm. ; 21
365 _cRS
_b30
999 _c8237
_d8237